| 000 | 00543nam a22001337a 4500 | ||
|---|---|---|---|
| 020 | _a9787108054180 | ||
| 082 |
_a951 _bXIN |
||
| 100 | _aXin, Deyong | ||
| 245 |
_aMaking Emperor Wu of the Han Dynasty/ New Theory of Cultural China and the World(Chinese Edition) / _cDeyong Xin |
||
| 260 |
_aChina : _bLife·Reading·New Knowledge Sanlian Publishing House, _c2015. |
||
| 300 |
_a176 p. ; _c20 cm. |
||
| 880 |
_6245-02Life·Reading·New Knowledge Sanlian Publishing House _a制造汉武帝/文化中国与世界新论 / |
||
| 942 |
_2ddc _cBK |
||
| 999 |
_c591833 _d591833 |
||